Zum 31. Oktober 1917: Rede bei Anlaß der Reformationsfeier der theologischen Fakultät Basel

Saved in:  
Bibliographic Details
Main Author: Wernle, P. (Author)
Format: Print Book
Language:Undetermined language
Subito Delivery Service: Order now.
Check availability: HBZ Gateway
Interlibrary Loan:Interlibrary Loan for the Fachinformationsdienste (Specialized Information Services in Germany)
Published: Basel Helbing & Lichtenhahn 1917
In:Year: 1917
Sammlungen:

MARC

LEADER 00000cam a22000002c 4500
001 087437406
003 DE-627
005 20240625104000.0
007 tu
008 050731s1917 xx ||||| 00| ||und c
035 |a (DE-627)087437406 
035 |a (DE-576)9087437404 
035 |a (DE-599)GBV087437406 
040 |a DE-627  |b ger  |c DE-627  |e rakwb 
084 |a 1  |2 ssgn 
100 1 |a Wernle, P.  |4 aut 
245 1 0 |a Zum 31. Oktober 1917  |b Rede bei Anlaß der Reformationsfeier der theologischen Fakultät Basel  |c P. Wernle 
264 1 |a Basel  |b Helbing & Lichtenhahn  |c 1917 
300 |a 26 S 
336 |a Text  |b txt  |2 rdacontent 
337 |a ohne Hilfsmittel zu benutzen  |b n  |2 rdamedia 
338 |a Band  |b nc  |2 rdacarrier 
502 |a Univ. Basel, Theolog. Fak., Rede 
601 |a Oktober 
601 |a Fakultät 
751 |a Univ. Basel  |4 uvp 
935 |a RFBW  |a mteo 
951 |a BO 
ELC |b 1 
LOK |0 000 xxxxxcx a22 zn 4500 
LOK |0 001 4541519623 
LOK |0 003 DE-627 
LOK |0 004 087437406 
LOK |0 005 20240625101930 
LOK |0 008 240625||||||||||||||||ger||||||| 
LOK |0 040   |a DE-Tue135  |c DE-627  |d DE-Tue135 
LOK |0 092   |o n 
LOK |0 852   |a DE-Tue135 
LOK |0 852 1  |9 00 
LOK |0 866   |x SPQUE#Reformationsgeschichtliche Forschungsbibliothek Wittenberg#SPSAM#Lutherhaus#SPUSM#Neubestand 
LOK |0 935   |a RFBW  |a lglu  |a lgnb 
LOK |0 939   |a 25-06-24  |b l01 
ORI |a SA-MARC-ixtheoa001.raw